Un club de Foot, une année. - Statistiques

Statistiques générales
  • Ce quiz a été pris 1 332 fois
  • Le résultat moyen est 7 sur 15
Statistiques - réponses
Hint Réponse % Correct
Paris Saint Germain 2022
78%
AS Monaco 2017
68%
Montpellier Hérault Sport Club 2012
67%
Lille OSC 2021
64%
Olympique de Marseille 2010
61%
Olympique Lyonnais 2008
56%
FC Nantes 2001
52%
Girondins de Bordeaux 2009
49%
RC Lens 1998
45%
Stade de Reims 1958
34%
AS Saint-Étienne 1981
34%
AJ Auxerre 1996
30%
RC Strasbourg 1979
29%
FC Sochaux 1938
21%
OGC Nice 1956
16%
Aucun quiz correspondant
Distribution des résultats
% des personnes avec chaque résultat
Percentile par nombre de réponses
Votre historique - résultats
Vous n’avez pas pris ce quiz